书目信息 |
| 题名: |
运输经济学
|
|
| 作者: | 严作人 , 杜豫川 , 张戎 编著 | |
| 分册: | ||
| 出版信息: | 北京 人民交通出版社 2009.8 |
|
| 页数: | 404页 | |
| 开本: | 26cm | |
| 丛书名: | 21世纪交通版高等学校教材 | |
| 单 册: | ||
| 中图分类: | F50 | |
| 科图分类: | ||
| 主题词: | 运输经济学--yun shu jing ji xue--高等学校--教材 | |
| 电子资源: | ||
| ISBN: | 978-7-114-07891-0 | |
| 000 | 01303oam2 2200325 450 | |
| 001 | 2161457288 | |
| 005 | 20211003084026.17 | |
| 010 | @a978-7-114-07891-0@dCNY44.00 | |
| 100 | @a20090914d2009 ekmy0chiy0121 ea | |
| 101 | 0 | @achi |
| 102 | @aCN@b110000 | |
| 105 | @aak a 000yy | |
| 106 | @ar | |
| 200 | 1 | @a运输经济学@Ayun shu jing ji xue@dTransport economics@f严作人, 杜豫川, 张戎编著@zeng |
| 205 | @a2版 | |
| 210 | @a北京@c人民交通出版社@d2009.8 | |
| 215 | @a404页@c图@d26cm | |
| 225 | 2 | @a21世纪交通版高等学校教材@A21shi ji jiao tong ban gao deng xue jiao jiao cai |
| 300 | @a普通高等教育“十一五”国家级规划教材 | |
| 320 | @a有书目 (第402-404页) | |
| 330 | @a本书为普通高等教育“十一五”国家级规划教材,全面介绍了运输经济学的基本原理及运用,主要内容包括:运输的意义及其产业特征、运输需求与运输供给、运输成本与运输价格、运输市场与运输企业、运输基建项目投资、融资与经营、运输基建项目经济评价、运输政策、运输与可持续发展。 | |
| 461 | 0 | @12001 @a21世纪交通版高等学校教材 |
| 510 | 1 | @aTransport economics@zeng |
| 606 | 0 | @a运输经济学@Ayun shu jing ji xue@x高等学校@j教材 |
| 690 | @aF50@v4 | |
| 701 | 0 | @a严作人@Ayan zuo ren@4编著 |
| 701 | 0 | @a杜豫川@Adu yu chuan@4编著 |
| 701 | 0 | @a张戎@Azhang rong@4编著 |
| 801 | 0 | @aCN@b百万庄@c20210929 |
| 905 | @b1302730-33@dF50@e5=2@f4 | |
| 运输经济学=Transport economics/严作人, 杜豫川, 张戎编著.-2版.-北京:人民交通出版社,2009.8 |
| 404页:图;26cm.-(21世纪交通版高等学校教材) |
| 普通高等教育“十一五”国家级规划教材 |
| ISBN 978-7-114-07891-0:CNY44.00 |
| 本书为普通高等教育“十一五”国家级规划教材,全面介绍了运输经济学的基本原理及运用,主要内容包括:运输的意义及其产业特征、运输需求与运输供给、运输成本与运输价格、运输市场与运输企业、运输基建项目投资、融资与经营、运输基建项目经济评价、运输政策、运输与可持续发展。 |
| ● |
| 相关链接 |
|
|
|
|
正题名:运输经济学
索取号:F50/5=2
 
预约/预借
| 序号 | 登录号 | 条形码 | 馆藏地/架位号 | 状态 | 备注 |
| 1 | 1302730 | 213027302 | 第一样本阅览室/ [索取号:F50/5=2] | 在馆 | |
| 2 | 1302731 | 213027311 | 第一借阅区/ [索取号:F50/5=2] | 在馆 | |
| 3 | 1302732 | 213027320 | 第一借阅区/ [索取号:F50/5=2] | 在馆 | |
| 4 | 1302733 | 213027339 | 第一借阅区/ [索取号:F50/5=2] | 在馆 |